[Event "chess.com IoM Masters"]
[Site "Douglas ENG"]
[Date "2017.09.29"]
[Round "7.49"]
[White "Tregubov, Pavel V."]
[Black "Paul, Johannes"]
[Result "1-0"]
[WhiteTitle "GM"]
[BlackTitle "FM"]
[WhiteElo "2589"]
[BlackElo "2335"]
[WhiteFideId "4115341"]
[BlackFideId "24622087"]
[EventDate "2017.09.23"]

1. d4 Nf6 2. c4 e6 3. Nc3 Bb4 4. e3 b6 5. Ne2 c5 6. a3 Ba5 7. Rb1 Na6 8. g3 Bb7
9. d5 b5 10. Bg2 bxc4 11. e4 exd5 12. e5 Ne4 13. O-O Nc7 14. Nxe4 dxe4 15. Nc3
Bxc3 16. bxc3 Bc6 17. Qg4 O-O 18. Bxe4 Qe7 19. Re1 Qe6 20. Bf5 Qd5 21. Be4 Qe6
22. Qxe6 fxe6 23. Bxc6 dxc6 24. Be3 Rfb8 25. Bxc5 Rb5 26. Bd6 Nd5 27. Rbc1 Rb3
28. Kg2 Rd8 29. Re4 Rb2 30. Rce1 Nb6 31. R1e3 Rd7 32. Rf3 Rf7 33. Ref4 Rxf4 34.
Rxf4 h6 35. Rf8+ Kh7 36. Re8 Nd5 37. Bb4 c5 38. Bxc5 Nxc3 39. Rxe6 Nd5 40. Rd6
Rd2 41. Bxa7 c3 42. Rc6 c2 43. h3 g5 44. a4 Nb4 45. Rc7+ Kg6 46. Be3 Rd1 47. Kf3
Ra1 48. Bd2 Rxa4 49. Bxb4 Rxb4 50. Rxc2 h5 51. Rc6+ Kf5 52. Rh6 g4+ 53. Kg2 Kg5
54. Rf6 h4 55. Rf4 gxh3+ 56. Kxh3 Rb2 57. Rg4+ Kf5 58. Rxh4 Kxe5 59. Rf4 Rb8 60.
Ra4 1-0

[Event "chess.com IoM Masters"]
[Site "Douglas ENG"]
[Date "2017.09.29"]
[Round "7.50"]
[White "Paehtz, Elisabeth"]
[Black "Zwahr, Paul"]
[Result "1-0"]
[WhiteTitle "IM"]
[BlackTitle "FM"]
[WhiteElo "2453"]
[BlackElo "2306"]
[WhiteFideId "4641833"]
[BlackFideId "24609749"]
[EventDate "2017.09.23"]

1. d4 d5 2. Bf4 Nf6 3. e3 c5 4. c3 Nc6 5. Nd2 cxd4 6. exd4 Bf5 7. Ngf3 e6 8. Qb3
Qc8 9. Nh4 Be4 10. Nxe4 dxe4 11. g3 Be7 12. Bd2 O-O 13. Bh3 Nd5 14. Nf5 exf5 15.
Qxd5 g6 16. O-O Rd8 17. Qb5 Qd7 18. Qe2 Ne5 19. Bg2 Rac8 20. Rad1 Nc4 21. Bc1 b5
22. f3 exf3 23. Bxf3 Re8 24. Qf2 Bf8 25. Rfe1 Bg7 26. Rxe8+ Rxe8 27. Re1 Rxe1+
28. Qxe1 b4 29. Qe2 bxc3 30. bxc3 Nd6 31. Kg2 Bf6 32. Qa6 Kg7 33. Qc6 Qe6 34.
Kf1 g5 35. Bd5 Qe7 36. Ba3 Qe3 37. Bxd6 Qc1+ 38. Ke2 Qc2+ 39. Ke3 f4+ 40. gxf4
gxf4+ 41. Bxf4 Qc1+ 42. Kd3 Qxf4 43. Qd7 Qf1+ 44. Kc2 Qe2+ 45. Kb3 Be7 46. Qf5
Qb5+ 47. Kc2 Qe2+ 48. Kb1 Bf6 49. h3 h5 50. Bb3 Qd2 51. Qxh5 Qe1+ 52. Kb2 Qf2+
53. Bc2 Qh2 54. Qg4+ Kf8 55. Qc8+ Kg7 56. Qd7 a6 57. Qg4+ Kh6 58. Qc8 Qd6 59.
Qg8 Qd7 60. Qh7+ Kg5 61. h4+ Kg4 62. Qe4+ Kg3 63. Qe3+ Kg2 64. Be4+ 1-0

[Event "chess.com IoM Masters"]
[Site "Douglas ENG"]
[Date "2017.09.29"]
[Round "7.51"]
[White "Shvayger, Yuliya"]
[Black "Watson, John L"]
[Result "1-0"]
[WhiteTitle "WGM"]
[BlackTitle "IM"]
[WhiteElo "2442"]
[BlackElo "2247"]
[WhiteFideId "14100126"]
[BlackFideId "2000768"]
[EventDate "2017.09.23"]

1. e4 e6 2. d4 d5 3. Nc3 Bb4 4. e5 c5 5. a3 Bxc3+ 6. bxc3 Ne7 7. h4 Qa5 8. Bd2
Qa4 9. h5 cxd4 10. cxd4 Qxd4 11. Nf3 Qe4+ 12. Be2 Nf5 13. Kf1 b6 14. h6 gxh6 15.
Bb5+ Kd8 16. Bxh6 Nxh6 17. Rxh6 Rg8 18. Rh4 Rg4 19. Bd3 Ba6 20. Kg1 Bxd3 21.
cxd3 Qg6 22. Rxg4 Qxg4 23. Qc2 Nd7 24. Rc1 Nc5 25. d4 Rc8 26. dxc5 Rxc5 27. Qd2
Qa4 28. Rc3 Kc7 29. Rd3 Qb5 30. Nd4 Qb1+ 31. Kh2 Kb7 32. Rf3 Rc7 33. Rc3 Rc5 34.
Nb3 Rxc3 35. Qxc3 Qe4 36. Qg3 a5 37. Nd2 Qc2 38. Qf4 Ka6 39. Nf3 Qg6 40. g3 h6
41. Qc1 Qd3 42. Qc8+ Kb5 43. Qe8+ Ka6 44. a4 b5 45. Qxf7 bxa4 46. Qxe6+ Kb5 47.
Qf7 a3 48. e6 a2 49. e7 a1=Q 50. e8=Q+ Kb4 51. Qf4+ Ka3 52. Qea4+ 1-0

[Event "chess.com IoM Masters"]
[Site "Douglas ENG"]
[Date "2017.09.29"]
[Round "7.52"]
[White "Vaishali, R"]
[Black "Kiewra, Keaton F"]
[Result "1-0"]
[WhiteTitle "WIM"]
[BlackTitle "IM"]
[WhiteElo "2329"]
[BlackElo "2433"]
[WhiteFideId "5091756"]
[BlackFideId "2019280"]
[EventDate "2017.09.23"]

1. e4 c5 2. Nf3 g6 3. d4 cxd4 4. Nxd4 Nf6 5. Nc3 d6 6. f3 Bg7 7. Be3 O-O 8. Qd2
Nc6 9. g4 Nxd4 10. Bxd4 Be6 11. h4 Qa5 12. h5 Rfc8 13. a3 Rab8 14. Rh2 Bc4 15.
hxg6 hxg6 16. g5 Nh5 17. Bxg7 Kxg7 18. Bh3 Be6 19. Bg4 Bxg4 20. fxg4 Ng3 21.
O-O-O Rxc3 22. Qxc3+ Qxc3 23. bxc3 Nxe4 24. Re1 d5 25. c4 Nxg5 26. Rxe7 dxc4 27.
Rd2 Kf6 28. Rc7 Ne4 29. Rdd7 Kg5 30. Rxf7 c3 31. Rxb7 Rh8 32. Rf1 Nd2 33. Rg1
Re8 34. Kd1 Nf3 35. Rf1 Kxg4 36. Rxa7 g5 37. Rf7 Rd8+ 38. Kc1 Nd4 39. Re7 Nb5
40. a4 Na3 41. Rg1+ Kf5 42. Rg3 Rd4 43. Rxc3 Rxa4 44. Rec7 Kf4 45. Kb2 Nxc2 46.
Kxc2 g4 47. R7c4+ Rxc4 48. Rxc4+ Kf3 49. Kd2 g3 50. Ke1 Kg2 51. Ke2 Kh2 52. Rh4+
Kg1 53. Rg4 g2 54. Kf3 Kh1 55. Kf2 1-0

[Event "chess.com IoM Masters"]
[Site "Douglas ENG"]
[Date "2017.09.29"]
[Round "7.53"]
[White "Trent, Lawrence"]
[Black "Player, Edmund C"]
[Result "1-0"]
[WhiteTitle "IM"]
[WhiteElo "2427"]
[BlackElo "2202"]
[WhiteFideId "408638"]
[BlackFideId "406520"]
[EventDate "2017.09.23"]

1. c4 e5 2. e3 Nf6 3. Nc3 Nc6 4. g4 h6 5. Bg2 Bb4 6. h3 Bxc3 7. bxc3 Qe7 8. Ne2
e4 9. Ng3 O-O 10. O-O Na5 11. f3 exf3 12. Qxf3 d6 13. d3 Nh7 14. Rb1 Rb8 15. Qf4
b6 16. Nf5 Bxf5 17. gxf5 Qe5 18. Qxe5 dxe5 19. c5 Rfd8 20. d4 bxc5 21. Rxb8 Rxb8
22. dxe5 Nc4 23. e6 fxe6 24. fxe6 Ng5 25. Bd5 Nb6 26. e4 Re8 27. Bxg5 hxg5 28.
Rf5 Re7 29. Rxg5 Na4 30. Bb3 Nxc3 31. Rxc5 Nxe4 32. Rxc7 Kf8 33. Rc6 g6 34. Bd5
Ng5 35. h4 Nh7 36. Kf2 Kg7 37. Ke3 Nf8 38. Ke4 Kf6 39. Ra6 Rh7 40. e7+ Kxe7 41.
Rxa7+ Kd6 42. Rxh7 Nxh7 43. Kd4 g5 44. Be4 Nf8 45. h5 Ne6+ 46. Ke3 Ke5 47. h6
Kf6 48. a4 Nc7 49. a5 Kf7 50. Kf3 Na6 51. Kg4 Nc5 52. Bc2 Kf6 53. h7 Kg7 54.
Kxg5 Ne6+ 55. Kg4 Kh8 56. a6 1-0

[Event "chess.com IoM Masters"]
[Site "Douglas ENG"]
[Date "2017.09.29"]
[Round "7.54"]
[White "Enkhtuul, Altan-Ulzii"]
[Black "Wallace, John Paul"]
[Result "0-1"]
[WhiteTitle "WGM"]
[BlackTitle "IM"]
[WhiteElo "2327"]
[BlackElo "2413"]
[WhiteFideId "4901444"]
[BlackFideId "3200957"]
[EventDate "2017.09.23"]

1. d4 Nf6 2. Nf3 e6 3. c4 d5 4. g3 Bb4+ 5. Bd2 Be7 6. Bg2 O-O 7. O-O c6 8. Qc2
a5 9. Rd1 b5 10. c5 Nbd7 11. Bf4 Nh5 12. Bd6 Bxd6 13. cxd6 Bb7 14. e4 dxe4 15.
Ne5 f5 16. Nxc6 Qb6 17. d5 exd5 18. Ne7+ Kh8 19. Nxd5 Bxd5 20. Rxd5 Rac8 21. Qd1
e3 22. Nc3 exf2+ 23. Kh1 Qe3 24. Qd2 f4 25. gxf4 Qe8 26. Qxf2 Nxf4 27. Rxb5 a4
28. Qg3 a3 29. Re1 Qf7 30. Re7 Qf6 31. Rxd7 axb2 32. Rc7 Rxc7 33. dxc7 Nxg2 34.
h4 Qf1+ 35. Kh2 Qxb5 36. Nxb5 b1=Q 37. Nd6 Qxa2 38. Qxg2 Qe6 39. Qd2 Qd7 40. Kg2
Qg4+ 41. Kh2 Qxh4+ 42. Kg2 Qg4+ 43. Kh2 Qd7 44. Nf7+ Qxf7 45. Qd8 Qe8 46. c8=Q
Qxd8 0-1

[Event "chess.com IoM Masters"]
[Site "Douglas ENG"]
[Date "2017.09.29"]
[Round "7.55"]
[White "Rapport, Jovana"]
[Black "Houska, Jovanka"]
[Result "0-1"]
[WhiteTitle "WGM"]
[BlackTitle "IM"]
[WhiteElo "2327"]
[BlackElo "2393"]
[WhiteFideId "937266"]
[BlackFideId "405094"]
[EventDate "2017.09.23"]

1. c4 c6 2. e4 d5 3. exd5 cxd5 4. cxd5 Nf6 5. Bb5+ Nbd7 6. Nf3 a6 7. Ba4 g6 8.
Nc3 Bg7 9. O-O O-O 10. Re1 Nb6 11. Bb3 Nbxd5 12. d4 b5 13. Nxd5 Nxd5 14. Bg5 Bf6
15. Qd2 Bb7 16. h4 e6 17. Rac1 Be7 18. a3 Re8 19. Ne5 Qd6 20. Ng4 f6 21. Bh6
Rad8 22. Ne3 Rd7 23. Qe2 Bf8 24. Bxf8 Kxf8 25. Bxd5 Bxd5 26. Qg4 Kg7 27. h5 g5
28. Rc5 Ba8 29. Rd1 Qf4 30. Qe2 Red8 31. h6+ Kg6 32. d5 Bxd5 33. Nxd5 exd5 34.
Rc6 Qe4 35. Qd2 d4 36. Rxa6 d3 37. Re1 Qf4 38. Qxf4 gxf4 39. Rc6 d2 40. Rd1 Re7 0-1

[Event "chess.com IoM Masters"]
[Site "Douglas ENG"]
[Date "2017.09.29"]
[Round "7.56"]
[White "Loos, Roland"]
[Black "Lorscheid, Gerhard"]
[Result "1-0"]
[BlackTitle "FM"]
[WhiteElo "2393"]
[BlackElo "2192"]
[WhiteFideId "4643232"]
[BlackFideId "4606000"]
[EventDate "2017.09.23"]

1. e4 d6 2. d4 Nf6 3. f3 e5 4. d5 c6 5. c4 Qb6 6. Nc3 cxd5 7. cxd5 Bd7 8. Qe2
Na6 9. Be3 Qa5 10. Qd2 Be7 11. Nge2 O-O 12. a3 Rfc8 13. Nc1 Qc7 14. Nb5 Bxb5 15.
Bxb5 Qc2 16. b4 Bd8 17. Bd3 Qxd2+ 18. Kxd2 Bb6 19. Bxb6 axb6 20. Ne2 Kf8 21.
Rhc1 Ke7 22. Nc3 Kd8 23. Nd1 Rxc1 24. Rxc1 Rc8 25. Ra1 Ra8 26. Rc1 Rc8 27. Rb1
Nc7 28. Ne3 Nfe8 29. Nc4 Na8 30. g3 Kc7 31. f4 b5 32. Ne3 Kb6 33. Rc1 Nac7 34.
Nf5 f6 35. Be2 Rd8 36. Rf1 Rd7 37. h4 g6 38. Ne3 exf4 39. gxf4 Re7 40. Kd3 h6
41. Kd4 Rg7 42. Rg1 Rg8 43. h5 g5 44. Nf5 Rh8 45. e5 fxe5+ 46. fxe5 Rf8 47. Rf1
dxe5+ 48. Kxe5 Nf6 49. Ne7 Ng4+ 50. Kd4 Rxf1 51. Bxf1 Ne8 52. Be2 Ngf6 53. Ke5
g4 54. d6 Nxd6 55. Kxf6 1-0

[Event "chess.com IoM Masters"]
[Site "Douglas ENG"]
[Date "2017.09.29"]
[Round "7.60"]
[White "Ragnarsson, Dagur"]
[Black "Oyama, Akito"]
[Result "1-0"]
[WhiteTitle "FM"]
[WhiteElo "2340"]
[BlackElo "2198"]
[WhiteFideId "2304058"]
[BlackFideId "7001630"]
[EventDate "2017.09.23"]

1. d4 e6 2. c4 f5 3. g3 Nf6 4. Bg2 Be7 5. Nf3 d6 6. O-O O-O 7. Nc3 Ne4 8. Nxe4
fxe4 9. Nd2 d5 10. f3 exf3 11. Nxf3 c5 12. Be3 Bf6 13. dxc5 Bxb2 14. Rb1 Bf6 15.
cxd5 exd5 16. Ng5 d4 17. Qb3+ Kh8 18. Qd3 Bxg5 19. Bxg5 Qe8 20. Qxd4 Nc6 21.
Rxf8+ Qxf8 22. Qd6 Qe8 23. Rb3 Bg4 24. Rxb7 Qxe2 25. Qd2 Qxd2 26. Bxd2 Ne5 27.
Bc3 Nd7 28. Rxd7 1-0

[Event "chess.com IoM Masters"]
[Site "Douglas ENG"]
[Date "2017.09.29"]
[Round "7.61"]
[White "Mueller, Philipp2"]
[Black "Kjartansson, Gudmundur"]
[Result "1/2-1/2"]
[BlackTitle "IM"]
[WhiteElo "2220"]
[BlackElo "2456"]
[WhiteFideId "24683701"]
[BlackFideId "2301318"]
[EventDate "2017.09.23"]

1. c4 c6 2. g3 d5 3. Bg2 Nf6 4. Nf3 Bf5 5. Qb3 Qb6 6. d3 e6 7. Be3 Qa6 8. cxd5
exd5 9. Nc3 Nbd7 10. O-O Be7 11. h3 h6 12. Nd4 Bh7 13. f4 O-O 14. Nf3 Rfe8 15.
Bf2 b5 16. a3 Bd6 17. Rae1 Rab8 18. Qc2 c5 19. e4 b4 20. axb4 cxb4 21. Ra1 Qc8
22. e5 bxc3 23. bxc3 Bc5 24. exf6 Bxf2+ 25. Rxf2 Re3 26. fxg7 Rxd3 27. f5 Bxf5
28. Qc1 Kxg7 29. Qf4 Bg6 30. Rxa7 Rb7 31. Rxb7 Qxb7 32. Bf1 Rd1 33. Nh4 Qb1 34.
Nxg6 Qxg6 35. Qa4 Rxf1+ 36. Kxf1 Ne5 37. Qd4 Qe6 38. Kg2 f6 39. Re2 Qa6 40. Rb2
Qa8 41. Qb6 Kg6 42. Qb8 Qc6 43. Qg8+ Kh5 44. Rf2 d4+ 45. Kg1 Nf3+ 46. Kf1 Ng5
47. Rf4 Qb5+ 48. Ke1 Qb1+ 49. Kd2 Qb2+ 50. Kd1 Qb1+ 51. Kd2 Qb2+ 52. Kd1 Qb1+ 1/2-1/2

[Event "chess.com IoM Masters"]
[Site "Douglas ENG"]
[Date "2017.09.29"]
[Round "7.63"]
[White "Rakesh, Kumar Jena"]
[Black "Yoo, Christopher Woojin"]
[Result "1-0"]
[WhiteTitle "FM"]
[BlackTitle "FM"]
[WhiteElo "2418"]
[BlackElo "2254"]
[WhiteFideId "5084822"]
[BlackFideId "30909694"]
[EventDate "2017.09.23"]

1. e4 c5 2. Nf3 d6 3. c3 Nf6 4. Be2 g6 5. O-O Bg7 6. Bb5+ Nbd7 7. Re1 a6 8. Bf1
b6 9. d4 O-O 10. e5 Ne8 11. Bg5 d5 12. c4 h6 13. Bf4 Nc7 14. Nc3 Bb7 15. Qd2 g5
16. Bg3 dxc4 17. d5 b5 18. h4 g4 19. Nh2 f5 20. d6 Ne6 21. Nd5 exd6 22. exd6 Nd4
23. Ne7+ Kh7 24. f3 gxf3 25. gxf3 Nf6 26. Be5 Nc6 27. Nxf5 Nxe5 28. Rxe5 Ne8 29.
Ng4 Rxf5 30. Rxf5 Qxd6 31. Qc2 Kh8 32. Rd1 Bd4+ 33. Kg2 Qe6 34. Rf8+ Kg7 35. Qf5
Qe7 36. Ne5 Bxe5 37. Rd7 Qxd7 38. Qxd7+ Kxf8 39. Qxb7 Rd8 40. Qb6 Rd2+ 41. Kg1
Rd6 42. Qb7 Bxb2 43. Qe4 Bd4+ 44. Kh1 c3 45. Bd3 Bf6 46. Qe3 Bd4 47. Qf4+ Rf6
48. Qg4 Rd6 49. h5 Bf6 50. Bc2 Rd2 51. Qg6 Ke7 52. Be4 Nd6 53. Qh7+ Kd8 54. Bg6
Bg5 55. Qh8+ Kc7 56. Qxc3 Nc4 57. Qg7+ Rd7 58. Qf8 Be3 59. Bf5 Rd1+ 60. Kg2 Rd2+
61. Kh3 Kb6 62. Be6 Rd4 63. a4 Bf4 64. Qa8 Ne3 65. Bc8 Rxa4 66. Qb7+ Ka5 67.
Qxa6+ Kb4 68. Qc6 Nc4 69. Qe4 Bd2 70. Qb1+ Ka5 71. Bd7 Rb4 72. Qf5 Be3 73. Qe4
Ka4 74. f4 Nb6 75. Bxb5+ Kxb5 76. Qxe3 c4 77. Qe5+ Kc6 78. f5 Nd7 79. Qe4+ Kc7
80. f6 Rb3+ 81. Kh4 Rb6 82. Qxc4+ Kd8 83. Qg8+ Kc7 84. f7 Rb4+ 85. Kg3 Rb3+ 86.
Kf2 Rb2+ 87. Ke3 Rb3+ 88. Ke4 Rb4+ 89. Kf5 Rb3 90. Kg6 Rf3 91. Kxh6 Kd6 92. Qg6+
Kd5 93. Qg2 1-0

[Event "chess.com IoM Masters"]
[Site "Douglas ENG"]
[Date "2017.09.29"]
[Round "7.64"]
[White "Pranav, V"]
[Black "Allen, Keith"]
[Result "1/2-1/2"]
[WhiteElo "2376"]
[BlackElo "2231"]
[WhiteFideId "25060783"]
[BlackFideId "2501147"]
[EventDate "2017.09.23"]

1. e4 e5 2. Nf3 Nc6 3. Nc3 Nf6 4. Bb5 Bb4 5. O-O O-O 6. d3 Bxc3 7. bxc3 d6 8.
Bg5 h6 9. Bh4 Bd7 10. d4 Re8 11. Re1 a6 12. Bd3 Bg4 13. d5 Nb8 14. h3 Bxf3 15.
Qxf3 g5 16. Bg3 Nbd7 17. h4 Kg7 18. Qf5 Nh7 19. hxg5 hxg5 20. Be2 Ndf6 21. Rab1
b6 22. Bf3 Qd7 23. Qxd7 Nxd7 24. Bg4 Nc5 25. f3 Nf6 26. Bf5 Kf8 27. Bf2 Nfd7 28.
Be3 f6 29. Kf2 Kg7 30. g3 Rh8 31. Kg2 Rh5 32. Bg4 Rh7 33. Bf5 Rh5 34. c4 Rah8
35. Bg1 Rd8 36. Re3 Kf7 37. Rf1 Rg8 38. Rd1 Ke7 39. Ree1 Rgh8 40. Bg4 R5h7 41.
Bf5 1/2-1/2

[Event "chess.com IoM Masters"]
[Site "Douglas ENG"]
[Date "2017.09.29"]
[Round "7.66"]
[White "Kolbus, Dietmar"]
[Black "Heimisson, Hilmir Freyr"]
[Result "1/2-1/2"]
[WhiteTitle "IM"]
[WhiteElo "2320"]
[BlackElo "2185"]
[WhiteFideId "4610628"]
[BlackFideId "2309998"]
[EventDate "2017.09.23"]

1. c4 c5 2. Nf3 Nc6 3. d4 cxd4 4. Nxd4 Nf6 5. Nc3 e6 6. a3 d5 7. e3 Bc5 8. Nb3
Be7 9. Be2 O-O 10. O-O dxc4 11. Bxc4 a6 12. Qxd8 Rxd8 13. Rd1 Rxd1+ 14. Nxd1 b5
15. Be2 Bb7 16. Bd2 Rd8 17. Rc1 e5 18. Be1 e4 19. Nc5 Bxc5 20. Rxc5 Nd7 21. Rd5
Nde5 22. Rxd8+ Nxd8 23. Bc3 Nd7 24. Kf1 Ne6 25. Ke1 f5 26. Bb4 Kf7 27. Nc3 Nec5
28. Bxc5 Nxc5 29. b4 Nd7 30. a4 bxa4 31. Nxa4 Kf6 32. Kd2 g5 33. g3 h6 34. h3
Ke6 35. Kc2 Kd6 36. Kd2 Ke6 37. Kc2 Kd6 38. Kd2 Ke6 39. Kc2 1/2-1/2

[Event "chess.com IoM Masters"]
[Site "Douglas ENG"]
[Date "2017.09.29"]
[Round "7.67"]
[White "Ojas, Kulkarni"]
[Black "Coathup, Roger H"]
[Result "1/2-1/2"]
[WhiteElo "2289"]
[BlackElo "2125"]
[WhiteFideId "25040073"]
[BlackFideId "407062"]
[EventDate "2017.09.23"]

1. c4 c5 2. g3 g6 3. Nc3 Bg7 4. Bg2 Nc6 5. Nf3 d6 6. O-O e6 7. e3 Nge7 8. b3 O-O
9. Bb2 b6 10. d4 Bb7 11. Qd2 cxd4 12. Nxd4 d5 13. Nxc6 Bxc6 14. cxd5 Nxd5 15.
Bxd5 Bxd5 16. Nxd5 Bxb2 17. Qxb2 Qxd5 18. Rfd1 Qb7 19. Qf6 Rfe8 20. Rd2 Qe7 21.
Qb2 Red8 22. Rad1 Rac8 23. Rd4 Rxd4 24. Qxd4 Rc7 25. h4 h5 26. Qa4 Kg7 27. Qd4+
Qf6 28. Qxf6+ Kxf6 29. Rd2 Kf5 30. Kg2 e5 1/2-1/2

[Event "chess.com IoM Masters"]
[Site "Douglas ENG"]
[Date "2017.09.29"]
[Round "7.69"]
[White "Loew, Gerald"]
[Black "Jonsson, Gauti Pall"]
[Result "0-1"]
[WhiteTitle "FM"]
[WhiteElo "2262"]
[BlackElo "2011"]
[WhiteFideId "4615875"]
[BlackFideId "2309092"]
[EventDate "2017.09.23"]

1. c4 e5 2. Nc3 Bb4 3. Qc2 Nc6 4. e3 Bxc3 5. Qxc3 Nf6 6. Nf3 e4 7. Nd4 O-O 8.
Nxc6 dxc6 9. b3 Bf5 10. Bb2 Qd7 11. Be2 Rfd8 12. O-O-O Qe7 13. g4 Bxg4 14. Rdg1
Bxe2 15. Qxf6 Qxf6 16. Bxf6 g6 17. Bxd8 Rxd8 18. h4 Kg7 19. h5 h6 20. Rh4 Re8
21. hxg6 fxg6 22. d3 exd3 23. Kd2 c5 24. f4 Rf8 25. Rh3 Rf6 26. Rgh1 h5 27. Rg3
Ra6 28. Ra1 Kh6 29. Rg5 h4 30. Rg2 Bf3 31. Rh2 Kh5 32. a4 Rb6 33. Rg1 Bg4 34.
Kc3 h3 35. e4 Rd6 36. Rd2 Be2 37. e5 Re6 38. Rxe2 dxe2 39. Kd2 h2 40. Rh1 Kg4
41. Rxh2 e1=Q+ 42. Kxe1 Kxf4 43. Kd2 Kxe5 44. Kc3 a5 45. Rh7 Kd6 46. Rg7 Re3+
47. Kc2 Rg3 48. Kb2 b6 49. Kc2 Rg2+ 50. Kc3 g5 51. Rg6+ Kd7 52. Rg7+ Kc6 53.
Rg6+ Kb7 54. Rg7 g4 55. Kd3 g3 56. Kc3 Rg1 57. Kb2 Kc6 58. Rg6+ Kd7 59. Rg7+ Kd6
60. Ka2 Ke5 61. Kb2 Kf4 62. Rxc7 Rg2+ 63. Kc3 Rf2 64. Rf7+ Ke3 65. Re7+ Kf3 66.
Rf7+ Kg2 67. Rg7 Rf3+ 68. Kc2 Kf2 0-1

[Event "chess.com IoM Masters"]
[Site "Douglas ENG"]
[Date "2017.09.29"]
[Round "7.72"]
[White "Maloberti, David"]
[Black "Harari, Zaki"]
[Result "1-0"]
[WhiteElo "2132"]
[BlackElo "2027"]
[WhiteFideId "620149"]
[BlackFideId "2002639"]
[EventDate "2017.09.23"]

1. d4 Nf6 2. c4 c5 3. d5 d6 4. Nc3 g6 5. e4 Bg7 6. Be2 O-O 7. Nf3 e6 8. O-O Na6
9. Bg5 h6 10. Be3 Ng4 11. Bf4 e5 12. Bd2 f5 13. h3 Nf6 14. Nh4 Kh7 15. exf5 gxf5
16. Nf3 Nc7 17. Nh2 Qe8 18. f4 e4 19. Be3 h5 20. Qe1 Qg6 21. Qh4 Bh6 22. Kf2 Rg8
23. Rg1 Bd7 24. g3 Rg7 25. Rg2 Rh8 26. Rb1 Kg8 27. b4 cxb4 28. Rxb4 b6 29. Rb3
Na6 30. Bd4 Rf7 31. Ra3 Bc8 32. Nb5 Bg7 33. Ke3 Nb4 34. Bf1 a6 35. Nxd6 Nfxd5+
36. cxd5 Nxd5+ 37. Ke2 Bxd4 38. Nxf7 Bf6 39. Ng5 Qe8 40. Kd1 Qe7 41. Rb3 Be6 42.
Bc4 Qc5 43. Bxd5 Bxd5 44. g4 Bxb3+ 45. axb3 Rh7 46. Qe1 Rc7 47. Ke2 Qb5+ 48. Kf2
Bd4+ 49. Kg3 Rc3+ 50. Kh4 Qxb3 51. gxf5 Bf6 52. Kxh5 Bxg5 53. Rxg5+ Kh7 54. h4
e3 55. Rg6 Qf7 56. Qxc3 1-0

[Event "chess.com IoM Masters"]
[Site "Douglas ENG"]
[Date "2017.09.30"]
[Round "8.15"]
[White "Rodshtein, Maxim"]
[Black "Wagner, Dennis"]
[Result "1/2-1/2"]
[WhiteTitle "GM"]
[BlackTitle "GM"]
[WhiteElo "2695"]
[BlackElo "2564"]
[WhiteFideId "2806851"]
[BlackFideId "24650684"]
[EventDate "2017.09.23"]

1. d4 d5 2. c4 e6 3. Nc3 c6 4. e3 Nf6 5. Nf3 Nbd7 6. Qc2 Bd6 7. Be2 O-O 8. O-O
dxc4 9. Bxc4 e5 10. h3 Qe7 11. Bb3 a5 12. a3 Bc7 13. Bd2 h6 14. Nh4 Re8 15. Rac1
Nf8 16. f4 exd4 17. exd4 Qd6 18. Nf3 Be6 19. Rce1 Bxb3 20. Qxb3 Ne6 21. Be3 a4
22. Nxa4 Nxf4 23. Bxf4 Qxf4 24. Nc5 Rxe1 25. Rxe1 Rb8 26. Nd3 Qd6 27. Nc5 Qf4
28. Nd3 Qd6 29. Nc5 Qf4 1/2-1/2

[Event "chess.com IoM Masters"]
[Site "Douglas ENG"]
[Date "2017.09.30"]
[Round "8.19"]
[White "Donchenko, Alexander"]
[Black "Sargissian, Gabriel"]
[Result "1/2-1/2"]
[WhiteTitle "GM"]
[BlackTitle "GM"]
[WhiteElo "2559"]
[BlackElo "2652"]
[WhiteFideId "24603295"]
[BlackFideId "13300881"]
[EventDate "2017.09.23"]

1. d4 Nf6 2. c4 e6 3. g3 d5 4. Bg2 Bb4+ 5. Nd2 O-O 6. Nf3 b6 7. O-O Bb7 8. Ne5
Nc6 9. a3 Be7 10. cxd5 exd5 11. Nef3 a5 12. b3 a4 13. b4 Ne4 14. Bb2 Bf6 15. Ne5
Nxd2 16. Qxd2 Re8 17. Ng4 Na7 18. Nxf6+ Qxf6 19. Rac1 Nb5 20. Rfe1 Re7 21. Rc2
Rae8 22. Qc1 h5 23. h4 Nd6 24. Qg5 Qxg5 25. hxg5 c6 26. Bc1 b5 27. e3 Kh7 28.
Bf1 Nc4 29. Bd3+ g6 30. Rce2 Bc8 31. f3 Nd6 32. e4 1/2-1/2

[Event "chess.com IoM Masters"]
[Site "Douglas ENG"]
[Date "2017.10.01"]
[Round "9.13"]
[White "Vallejo Pons, Francisco"]
[Black "Sunilduth Lyna, Narayanan"]
[Result "1/2-1/2"]
[WhiteTitle "GM"]
[BlackTitle "GM"]
[WhiteElo "2716"]
[BlackElo "2568"]
[WhiteFideId "2205530"]
[BlackFideId "5058422"]
[EventDate "2017.09.23"]

1. e4 e5 2. Nf3 Nc6 3. Bb5 a6 4. Ba4 Nf6 5. O-O Be7 6. Re1 b5 7. Bb3 O-O 8. d3
d6 9. a4 b4 10. a5 Be6 11. Nbd2 Rb8 12. Bc4 Qc8 13. b3 h6 14. Bb2 Re8 15. h3 Bf8
16. Nh4 Bxc4 17. bxc4 Nd7 18. Rf1 Qd8 19. Nf5 g6 20. Ne3 Bg7 21. Nb3 Nc5 22. Nd5
Ne6 23. Ra4 Nf4 24. Kh2 Qd7 25. Ra2 Nxd5 26. cxd5 Na7 27. Nd2 Rb5 28. Nc4 c6 29.
Ne3 Qd8 30. f4 h5 31. Qf3 Re7 32. f5 Reb7 33. Bc1 b3 34. Rb2 Rxa5 35. Rxb3 Rxb3
36. cxb3 Qd7 37. Nc4 Ra1 38. fxg6 fxg6 39. Be3 Rxf1 40. Qxf1 cxd5 41. Nb6 Qf7
42. Qxf7+ Kxf7 43. Nxd5 Nc6 44. Kg3 Bf6 45. Kf3 1/2-1/2

[Event "chess.com IoM Masters"]
[Site "Douglas ENG"]
[Date "2017.10.01"]
[Round "9.46"]
[White "Basso, Pier Luigi"]
[Black "Ledger, Andrew J"]
[Result "1-0"]
[WhiteTitle "IM"]
[BlackTitle "IM"]
[WhiteElo "2460"]
[BlackElo "2361"]
[WhiteFideId "866970"]
[BlackFideId "400610"]
[EventDate "2017.09.23"]

1. d4 Nf6 2. c4 g6 3. Nc3 d5 4. Bf4 Bg7 5. e3 c5 6. dxc5 Qa5 7. Rc1 dxc4 8. Bxc4
O-O 9. Ne2 Qxc5 10. Qb3 Nc6 11. Nb5 Qh5 12. Ng3 Qh4 13. Nc7 e5 14. Bxe5 Nxe5 15.
Nxa8 b6 16. Nc7 Bb7 17. Bd5 Nxd5 18. Nxd5 Bxd5 19. Qxd5 Rd8 20. Qb5 Nd3+ 21. Ke2
Qf6 22. f4 Qe6 23. Rcf1 Nxb2 24. f5 Qe7 25. Rf4 Qa3 26. Re4 Qxa2 27. Re8+ Rxe8
28. Qxe8+ Bf8 29. Rc1 Nc4+ 30. Kf3 Nd2+ 31. Kg4 Nc4 32. Kh3 b5 33. Rd1 Qb2 34.
Rd4 a5 35. f6 Nxe3 36. Qxf8+ 1-0

[Event "chess.com IoM Masters"]
[Site "Douglas ENG"]
[Date "2017.10.01"]
[Round "9.58"]
[White "Paul, Johannes"]
[Black "Heimisson, Hilmir Freyr"]
[Result "1-0"]
[WhiteTitle "FM"]
[WhiteElo "2335"]
[BlackElo "2185"]
[WhiteFideId "24622087"]
[BlackFideId "2309998"]
[EventDate "2017.09.23"]

1. d4 Nf6 2. c4 e6 3. Nc3 Bb4 4. e3 O-O 5. Bd3 b6 6. Ne2 c5 7. a3 Bxc3+ 8. Nxc3
cxd4 9. exd4 d5 10. cxd5 exd5 11. O-O Bg4 12. f3 Bh5 13. Bg5 Bg6 14. Bb5 a6 15.
Ba4 b5 16. Bb3 Qd6 17. Bxf6 Qxf6 18. Nxd5 Qd6 19. Rc1 Ra7 20. Qd2 Rd7 21. Rfd1
Rfd8 22. Qc3 Kf8 23. Nb4 Kg8 24. Qc5 Qf4 25. Qe5 Qxe5 26. dxe5 Rxd1+ 27. Rxd1
Rxd1+ 28. Bxd1 Kf8 29. Kf2 Nd7 30. f4 Nc5 31. Ke3 a5 32. Nc6 Nd3 33. Nxa5 Nxb2
34. Be2 Na4 35. Bxb5 Nb6 36. Kd4 Bc2 37. Kc5 Nc8 38. Nc6 f6 39. exf6 gxf6 40. a4
Be4 41. g3 h5 42. h4 Kg7 43. Ba6 Bf5 44. a5 Bd7 45. Bb7 Kf7 46. a6 Ke8 47. Bxc8
Bxc8 48. a7 Bb7 49. Kb6 Ba8 50. Kc7 Kf7 51. Na5 Kg6 52. Kb8 Bd5 53. Nb7 1-0